Statistics for Borders of One Border Countries - Multiple Choice

Click here to take the quiz!

General Stats

  • This quiz has been taken 19 times
  • The average score is 16 of 17

Answer Stats

QuestionAnswer% Correct
CanadaUnited States
100%
Vatican CityItaly
95%
United KingdomIreland
95%
South KoreaNorth Korea
95%
San MarinoItaly
95%
QatarSaud Arabia
95%
PortugalSpain
95%
Papua New GuineaIndonesia
95%
LesothoSouth Africa
95%
MoncaoFrance
95%
IrelandUnited Kingdom
95%
HaitiDominican Republic
95%
Dominican RepublicHaiti
95%
DenmarkGermany
95%
GambiaSenegal
89%
East TimorIndonesia
89%
BruneiMalaysia
68%

Score Distribution

Percentile by Number Answered

Percent of People with Each Score

Your Score History

You have not taken this quiz